000
00243nam a2200097Ia 4500
008
190216s9999||||xx |||||||||||||| ||und||
100
_a
Viswanathan S
245
0
_a
Hindi-Nayi Kavitha Naya Kavi
260
_b
Mac Millian And Com. Ltd
942
_c
BK
999
_c
18006
_d
18006